000 00658cam a22002411 4500
001 sa 64007144
003 DLC
005 20260227112044.0
008 880304s1961 ii 000 0 eng
010 _asa 64007144
025 _aPL480:I-E-3057
035 _a(OCoLC)17576979
040 _aDLC
_cWaU
_dDLC
042 _apremarc
050 0 0 _aHC440.C3
_bR6
100 1 _aRoy, Ajit.
245 1 0 _aSome aspects of economic development in India since independence.
260 _aCalcutta
_b[R. Gupta,
_c1961]
300 _a53 p.
_c22 cm.
490 0 _aOccasional studies series,
_vno. 1
650 0 _aCapital
_zIndia.
651 0 _aIndia
_xEconomic policy.
999 _c60072
_d60072